Issues in madrasa education in India / (Record no. 38288)

MARC details
000 -LEADER
fixed length control field 00723nam a22002057a 4500
005 - DATE AND TIME OF LATEST TRANSACTION
control field 20100730150943.0
010 ## - LCCN (DPL NO)
LC control number ENG-97174
020 ## - INTERNATIONAL STANDARD BOOK NUMBER
International Standard Book Number 8178711532
Terms of availability 295.00
020 ## - INTERNATIONAL STANDARD BOOK NUMBER
International Standard Book Number 9788178711539
Terms of availability 295.00
035 ## - SYSTEM CONTROL NUMBER
System control number EN-80707
037 ## - SOURCE OF ACQUISITION
Source of stock number/acquisition DBAD/PUB
082 ## - DEWEY DECIMAL CLASSIFICATION NUMBER
Classification number 371.0770954
100 ## - MAIN ENTRY--PERSONAL NAME
Personal name Sikand, Yoginder
245 ## - TITLE STATEMENT
Title Issues in madrasa education in India /
Statement of responsibility, etc by Yoginder Sikand
260 ## - PUBLICATION, DISTRIBUTION, ETC. (IMPRINT)
Place of publication, distribution, etc Gurgaon
Name of publisher, distributor, etc Hope India Publications
Date of publication, distribution, etc 2008
270 ## - ADDRESS
Address 85, Sector 23
City Gurgaon
Postal code 122017
300 ## - PHYSICAL DESCRIPTION
Extent 112p.
Dimensions 22cm (Hb)
942 ## - ADDED ENTRY ELEMENTS (KOHA)
Source of classification or shelving scheme Dewey Decimal Classification
Item type English Books
Classification part 371.0770954
Call number suffix SIK
Holdings
Withdrawn status Lost status Not for loan Collection code Home library Current library Date acquired Source of acquisition Cost, normal purchase price Full call number Barcode Copy number Cost, replacement price Koha item type
    Not For Loan Non-fiction D.B.Act.Division D.B.Act.Division 30/07/2010 DBAD/PUB 295.00 371.0770954 SIK EN-80707 1 295.00 English Books

© Delhi Public Library
Hit Counter
free hit counter